[Event "IND-ch U13 35th"]
[Site "Puducherry"]
[Date "2022.12.16"]
[Round "9"]
[White "Aakash, G2222"]
[Black "Sriram, Adarsh Uppala"]
[Result "0-1"]
[WhiteElo "1830"]
[BlackElo "1685"]
[PlyCount "110"]
[EventDate "2022.12.11"]
[EventType "swiss"]
[EventRounds "11"]
[EventCountry "IND"]
[SourceTitle "EXT 2024"]
[Source "ChessBase"]
[SourceDate "2023.10.10"]
[SourceVersion "1"]
[SourceVersionDate "2023.10.10"]
[SourceQuality "1"]

1. d4 Nf6 2. c4 e6 3. Nc3 Bb4 4. Qc2 0-0 5. a3 Bxc3+ 6. Qxc3 b5 7. cxb5 c6 8. f3 cxb5 9. e4 a6 10. Bd3 Nc6 11. Ne2 Bb7 12. 0-0 Rc8 13. Qe1 Qb6 14. Kh1 d5 15. Qh4 e5 16. Bg5 Ne7 17. exd5 Ng6 18. Bxg6 hxg6 19. Bxf6 Qxf6 20. Qxf6 gxf6 21. dxe5 fxe5 22. Nc3 Rfd8 23. Rfd1 f6 24. Rd2 Kf7 25. Rad1 Rc4 26. Kg1 f5 27. Kf2 Kf6 28. Ke3 Rc7 29. g4 Rh7 30. Rg2 Rh3 31. Rdd2 Re8 32. Kf2 e4 33. fxe4 fxe4 34. Ke1 e3 35. Rd4 Ba8 36. a4 Re5 37. axb5 axb5 38. Rc2 Ke7 39. b4 e2 40. Ra2 Rxc3 41. d6+ Ke6 42. Rxe2 Rxe2+ 43. Kxe2 Bc6 44. h4 Rh3 45. g5 Kd7 46. Kd2 Rf3 47. Ke2 Rf5 48. Ke3 Bd5 49. Rd1 Kxd6 50. Ra1 Rf3+ 51. Ke2 Rh3 52. Ra7 Rxh4 53. Rg7 Be4 54. Kd2 Rg4 55. Ke3 Bf5 0-1